Universitas Xaveriana Cali

La revista Universitas Xaveriana Cali es una publicación de la Pontificia Universidad Javeriana Cali que nació en 1983, como una forma de expresión académica. Durante esto años trato de llevar a sus lectores, en el país y en el exterior, estudios profundos sobre temáticas diversas que de una u otra...

Disgrifiad llawn

Wedi'i Gadw mewn:
Manylion Llyfryddiaeth
Awdur Corfforaethol: Pontificia Universidad Javeriana Cali
Fformat: Cylchgrawn
Iaith:Spanish
Cyhoeddwyd: Cali: Pontificia Universidad Javeriana Cali 1996-
Pynciau:
Mynediad Ar-lein:Enlace del recurso
Tagiau: Ychwanegu Tag
Dim Tagiau, Byddwch y cyntaf i dagio'r cofnod hwn!

MARC

LEADER 00000nas a2200000 a 4500
001 001688
003 OSt
005 20191121163800.0
008 191120c1996 ck r p l0 0 spa d
999 |c 7077  |d 7077 
022 0 |a 0120-6060 
040 |b spa  |c CNA-IDEP 
041 |a spa 
090 |a Uni. Xav 
110 2 |a Pontificia Universidad Javeriana Cali  |9 12434 
245 1 0 |a Universitas Xaveriana Cali   |c Pontificia Universidad Javeriana Cali  |h [Revista] 
260 |a Cali:  |b Pontificia Universidad Javeriana Cali  |c 1996- 
300 |a n.:  |b il.;  |c 28 x 22 cm 
310 |a Trimestral  
362 |a 1996 
500 |a Descripción basada en: No. 12 (Año 1996) 
520 3 |a La revista Universitas Xaveriana Cali es una publicación de la Pontificia Universidad Javeriana Cali que nació en 1983, como una forma de expresión académica. Durante esto años trato de llevar a sus lectores, en el país y en el exterior, estudios profundos sobre temáticas diversas que de una u otra manera habían recibo análisis de miembros de la comunidad universitaria. 
650 1 7 |2 Unesco  |a Ciencias sociales  |v Publicación seriada   |9 12800 
650 1 7 |2 Unesco  |a Filosofía, Misticismo, Religiones, Teología, Ética  |v Publicación seriada   |9 12801 
942 |2 LOC  |c CR 
856 |u https://catalogo.idep.edu.co/cgi-bin/koha/opac-detail.pl?biblionumber=7077  |z Enlace del recurso